000 00518nam a2200193Ia 4500
005 20250220054912.0
008 240331s9999 xx 000 0 und d
020 _a9559391003
082 _bMUT
_25701
_a954
100 _aMuthulingam, P
245 0 _aEluthatha Varalaru:
_bIlangai Dravidar Iyakkam Pattiya Aaivu
260 _aKandy
_bSri Lanka Department of Social Development
_c1996
300 _avi, 122 p.,
650 _aHistory
650 _aDravidian
650 _aLanguage
650 _aPolitics
942 _cL
999 _c4284
_d4284